| 000 | 01541nam a2200457 i 4500 | ||
|---|---|---|---|
| 001 | 7574 | ||
| 003 | KOSZ 005 | ||
| 005 | 20200408112653.0 | ||
| 008 | 070608s1972 pl a f f |000 0 pol | ||
| 015 | _aPB 1972/10266 | ||
| 035 | _a991037163229705066 | ||
| 035 | _a(PL-WaBN)b19970687-48omnis_nlop | ||
| 035 | _ab19970687 | ||
| 035 | _a(OCoLC)69574834 | ||
| 035 | _a(PL)b0000001997068 | ||
| 035 | _a(EXLNZ-48OMNIS_NETWORK)9910144940005606 | ||
| 040 |
_aWA N _cWA N _dKOSZ 005/EC |
||
| 041 | _apol | ||
| 046 | _k1967 | ||
| 080 | _a519 | ||
| 100 | 1 |
_aGerstenkorn, Tadeusz _d(1927- ) _eAutor |
|
| 245 | 1 | 0 |
_aKombinatoryka i rachunek prawdopodobieństwa / _cTadeusz Gerstenkorn, Tadeusz Śródka. |
| 260 |
_aWarszawa : _bPaństwowe Wydawnictwo Naukowe, _c1972. |
||
| 300 |
_a432, [1] s. : _bil. ; _c23 cm. |
||
| 336 |
_2rdacontent _aTekst _btxt |
||
| 337 |
_2rdamedia _aBez urządzenia pośredniczącego _bn |
||
| 338 |
_2rdacarrier _aWolumin _bnc |
||
| 380 | _aKsiążki | ||
| 380 | _aPublikacje dydaktyczne | ||
| 385 |
_mPoziom nauczania _aSzkoły wyższe |
||
| 388 | _a1972 | ||
| 650 | 7 |
_aRachunek prawdopodobieństwa _2DBN |
|
| 655 | 7 |
_aPodręczniki akademickie _2DBN |
|
| 658 | _aMatematyka | ||
| 650 | 7 |
_aKombinatoryka _2DBN |
|
| 700 | 1 |
_aŚródka, Tadeusz. _eAutor |
|
| 710 | 2 |
_4pbl _aPaństwowe Wydawnictwo Naukowe |
|
| 856 |
_uhttp://koha.tu.koszalin.pl/cgi-bin/koha/opac-detail.pl?biblionumber=7574 _yKatalog online BPK |
||
| 942 |
_2UKD _cKS |
||
| 999 |
_c7574 _d7574 |
||